000 00680cam a22002413a 4500
999 _c2376
_d2376
005 20180413015619.0
008 950301s1995||||xxu|||||s|||||000 p eng d
040 _cAPEC Schools Library
_erda
041 _aeng
100 1 _aVirgil,
_d -70--19
245 1 4 _aThe Georgics /
_cVirgil
336 _2rdacontent
_atext
337 _2rdamedia
_acomputer
338 _2rdacarrier
_aonline resource
506 _aPublic domain in the USA.
516 _aText
653 _aDidactic poetry, Latin -- Translations into English
653 _aAgriculture -- Poetry
655 _aelectronic books
856 4 0 _uhttps://goo.gl/EjbddN
942 _2ddc
_cEBK